MARC

LEADER 00000nam0a2200000 4500
001 323987
005 20231102003626.0
035 |a (RuTPU)RU\TPU\book\349576 
090 |a 323987 
100 |a 20161101d1951 m y0rusy50 ca 
101 0 |a rus 
102 |a RU 
105 |a a j 001zy 
200 1 |a Металлургия тяжелых цветных металлов  |e учебное пособие для техникумов  |h Ч. 2  |i Свинец и цинк  |f Ф. М. Лоскутов 
210 |a Москва  |c Металлургиздат  |d 1951 
215 |a 351 с.  |c ил. 
320 |a Библиогр.: с. 351 
606 1 |a Цветные металлы, тяжелые  |x Металлургия  |x Технологическое проектирование  |2 stltpush  |3 (RuTPU)RU\TPU\subj\17903  |9 43459 
610 1 |a свинец 
610 1 |a руды 
610 1 |a концентраты 
610 1 |a агломерация 
610 1 |a обжиг 
610 1 |a восстановительная плавка 
610 1 |a шахтная плавка 
610 1 |a осадительные методы 
610 1 |a рафинирование 
610 1 |a обессеривание 
610 1 |a цинк 
610 1 |a реторты 
610 1 |a дестилляция 
610 1 |a выщелачивание 
610 1 |a электроосаждение 
610 1 |a учебные пособия 
675 |a 669.3/.6(075.3)  |v 4 
700 1 |a Лоскутов  |b Ф. М.  |g Федор Михайлович 
801 1 |a RU  |b 63413507  |c 20161101 
801 2 |a RU  |b 63413507  |c 20191217  |g RCR 
942 |c BK